[Event "AUTO-MASTER-856"]
[Site "http://www.queenalice.com/game.php?id=676637"]
[Date "2009.11.2"]
[Round "2"]
[White "wyvern"]
[Black "DenisDiaz"]
[Result "1-0"]
[WhiteElo "2294"]
[BlackElo "2085"]

1. e4 e5 2. Nf3 Nc6 3. Bb5 a6 4. Ba4 Nf6 5. O-O d6 6. Re1 Bd7 7. Bxc6 Bxc6 8. d4
Bxe4 9. Nc3 Bxf3 10. Qxf3 c6 11. dxe5 dxe5 12. Rxe5+ Be7 13. Bf4 O-O 14. Rd1 Nd7
15. Qh3 1-0

[Event "AUTO-MASTER-856"]
[Site "http://www.queenalice.com/game.php?id=676640"]
[Date "2009.11.2"]
[Round "2"]
[White "wyvern"]
[Black "dnptrs"]
[Result "1-0"]
[WhiteElo "2300"]
[BlackElo "2115"]

1. e4 c5 2. Nf3 e6 3. d4 cxd4 4. Nxd4 Nf6 5. Nc3 Nc6 6. Ndb5 d6 7. Bf4 e5 8. Bg5
a6 9. Na3 b5 10. Bxf6 gxf6 11. Nd5 Bd7 12. c3 Bg7 13. Qf3 Be6 14. Nc2 Bxd5 15.
exd5 Ne7 16. Bd3 Qd7 17. Ne3 h5 18. O-O Qb7 19. b4 Ng6 20. a4 Qc7 21. axb5 Qxc3
22. Nf5 Bf8 23. b6 Nf4 24. Bb5+ Kd8 25. Qxc3 1-0

[Event "AUTO-MASTER-856"]
[Site "http://www.queenalice.com/game.php?id=676641"]
[Date "2009.11.2"]
[Round "2"]
[White "dnptrs"]
[Black "wyvern"]
[Result "0-1"]
[WhiteElo "2122"]
[BlackElo "2287"]

1. d4 Nf6 2. Nf3 e6 3. e3 c5 4. c4 d5 5. Nc3 Nc6 6. cxd5 Nxd5 7. Qb3 cxd4 8.
Nxd5 exd5 9. Nxd4 Bb4+ 10. Bd2 Bxd2+ 11. Kxd2 Nxd4 12. exd4 O-O 13. Re1 Qa5+ 14.
Kd1 Bd7 15. Qa3 Qb6 16. Kc1 Qxd4 17. Kb1 Rfe8 18. Qc3 Rxe1+ 0-1

[Event "AUTO-ELITE-449"]
[Site "http://www.queenalice.com/game.php?id=686818"]
[Date "2009.11.21"]
[Round "1"]
[White "skorpion"]
[Black "wyvern"]
[Result "0-1"]
[WhiteElo "2463"]
[BlackElo "2379"]

1. e4 c5 2. c3 Nf6 3. e5 Nd5 4. d4 cxd4 5. Nf3 Nc6 6. cxd4 d6 7. Bc4 Nb6 8. Bb5
Bd7 9. Nc3 dxe5 10. dxe5 g6 11. O-O Bg7 12. Bf4 O-O 13. Qc1 Bg4 14. Qe3 Bxf3 15.
Qxf3 Qc8 16. Qe4 Rd8 17. Rad1 Qf5 18. Qxf5 gxf5 19. Bd3 Nxe5 20. Bxf5 Nec4 21.
Bc1 Bxc3 22. bxc3 Na4 23. Bg5 Nxc3 24. Rxd8+ Rxd8 25. Bxe7 Rd5 26. Bc2 b5 27.
Re1 Kg7 28. a3 a5 29. Kf1 f5 30. g3 Kf7 31. Kg2 Ne4 32. Bh4 Nxa3 33. Bxe4 fxe4
34. Rxe4 b4 35. Rf4+ Ke6 36. Rf6+ Kd7 37. Rf7+ Kc6 38. Rxh7 Nc2 39. Rh6+ Rd6 40.
Rxd6+ Kxd6 41. Bf6 b3 42. h4 a4 43. h5 Ke6 44. Bc3 Kf7 45. h6 Kg6 46. f4 Kxh6
47. f5 a3 48. g4 b2 49. Bd2+ Kh7 50. g5 b1=Q 51. g6+ Kg8 52. f6 Ne1+ 53. Bxe1
Qxe1 54. f7+ Kf8 0-1

[Event "AUTO-ELITE-449"]
[Site "http://www.queenalice.com/game.php?id=686819"]
[Date "2009.11.21"]
[Round "1"]
[White "wyvern"]
[Black "skorpion"]
[Result "1/2-1/2"]
[WhiteElo "2394"]
[BlackElo "2453"]

1. e4 e5 2. Nf3 Nf6 3. Nxe5 d6 4. Nf3 Nxe4 5. d4 d5 6. Bd3 Be7 7. O-O Nc6 8. Re1
Bg4 9. c3 f5 10. Qb3 O-O 11. Nbd2 Na5 12. Qa4 Nc6 13. Bb5 Nxd2 14. Nxd2 Rf6 15.
Bd3 Qd7 16. f3 Bh5 17. Nb3 Rf7 18. Be3 a6 19. Bf2 Rff8 20. Nc5 Bxc5 21. dxc5
Rae8 22. Rad1 Bf7 23. Qf4 Rxe1+ 24. Rxe1 g6 25. a4 Re8 26. Rxe8+ Bxe8 27. b4 Qg7
28. Qd2 Nd8 29. Bc2 Qd7 30. Qg5 Ne6 31. Qf6 f4 32. Qe5 Bf7 33. g3 fxg3 34. hxg3
c6 35. Qb8+ Qd8 36. Qxb7 Qf6 37. Bd3 Qxc3 38. Bxa6 Ng5 39. Qc8+ Kg7 40. Be2 Qxb4
41. Qxc6 Nh3+ 42. Kg2 Nxf2 43. Kxf2 h5 44. Qd6 h4 45. gxh4 Qxh4+ 46. Kg2 Qg5+
47. Kf1 Qe3 48. c6 Be6 49. c7 Bh3+ 50. Ke1 Bf5 51. Qxd5 Qg1+ 52. Kd2 Qg5+ 53.
Kc3 Qc1+ 54. Kb4 Qe1+ 55. Kb5 Qxe2+ 56. Kb6 Qb2+ 57. Ka7 Qc2 58. Qe5+ Kf7 59. a5
Qc4 60. f4 1/2-1/2

[Event "AUTO-ELITE-449"]
[Site "http://www.queenalice.com/game.php?id=686824"]
[Date "2009.11.21"]
[Round "1"]
[White "Miguelname"]
[Black "wyvern"]
[Result "0-1"]
[WhiteElo "2430"]
[BlackElo "2354"]

1. e4 c5 2. Nf3 d6 3. d4 cxd4 4. Nxd4 Nf6 5. Nc3 g6 6. Be2 Nc6 7. O-O Bg7 8. Nb3
O-O 9. Be3 Be6 10. f4 Qc8 11. h3 Rd8 12. a3 Bxb3 13. cxb3 Qe6 14. Qc2 d5 15. e5
d4 16. Bc4 Qc8 17. exf6 Bxf6 18. Nd5 dxe3 19. Nxe3 e6 20. Rac1 Qd7 21. Rfd1 Qc7
22. Qf2 Rxd1+ 23. Rxd1 Rd8 24. Re1 Ne7 25. Kh2 h5 26. Rd1 Rd4 27. Rxd4 Bxd4 28.
Qf3 h4 29. Nd1 Nf5 0-1

[Event "AUTO-ELITE-449"]
[Site "http://www.queenalice.com/game.php?id=686825"]
[Date "2009.11.21"]
[Round "1"]
[White "wyvern"]
[Black "Miguelname"]
[Result "1-0"]
[WhiteElo "2396"]
[BlackElo "2438"]

1. e4 e5 2. Nf3 Nc6 3. Bb5 a6 4. Ba4 Nf6 5. O-O Be7 6. Re1 b5 7. Bb3 O-O 8. c3
d5 9. exd5 Nxd5 10. Nxe5 Nxe5 11. Rxe5 c6 12. d4 Bd6 13. Re1 Qh4 14. g3 Qh3 15.
Re4 g5 16. Qf1 Qxf1+ 17. Kxf1 Bf5 18. Re1 Bd3+ 19. Kg2 Rfe8 20. Rd1 Be4+ 21. Kg1
Bf3 22. Rf1 h6 23. Nd2 Be2 24. Re1 Bd3 25. Nf3 f6 26. Bd2 Rab8 27. Rxe8+ Rxe8
28. a4 Rb8 29. Bc1 bxa4 30. Bxa4 Rc8 31. Ne1 Bc4 32. Bc2 Re8 33. Bd2 Re2 34. Rd1
Re8 35. b3 Be2 36. Ra1 Kf7 37. Ng2 Nc7 38. Ne3 Bf3 39. b4 1-0

[Event "AUTO-OPEN-1571"]
[Site "http://www.queenalice.com/game.php?id=725296"]
[Date "2010.2.3"]
[Round "3"]
[White "wyvern"]
[Black "helianthus"]
[Result "1-0"]
[WhiteElo "2366"]
[BlackElo "2403"]

1. e4 c5 2. Nf3 e6 3. d4 cxd4 4. Nxd4 Nc6 5. Nc3 a6 6. Be3 Qc7 7. f4 Bb4 8. Qg4
g6 9. Qg3 d5 10. exd5 Bxc3+ 11. bxc3 Nce7 12. Bd2 Nxd5 13. c4 Ndf6 14. Bd3 b6
15. O-O Bb7 16. Rae1 Ne7 17. Qh4 Nd7 18. Nxe6 fxe6 19. Rxe6 Nc5 20. Re3 O-O-O
21. Rxe7 Rd7 22. Rfe1 Rhd8 23. Bb4 Rxe7 24. Rxe7 Rd7 25. Qh3 Qd6 26. Re8+ Kc7
27. Qe3 Qc6 28. Bf1 Ne4 29. f5 Rd1 30. Re7+ Kb8 31. Qe2 Rd4 32. c3 Rd2 33. Qe1
1-0

[Event "AUTO-OPEN-1571"]
[Site "http://www.queenalice.com/game.php?id=725297"]
[Date "2010.2.3"]
[Round "3"]
[White "helianthus"]
[Black "wyvern"]
[Result "0-1"]
[WhiteElo "2423"]
[BlackElo "2412"]

1. e4 c5 2. Nc3 Nc6 3. f4 e6 4. Nf3 d5 5. Bb5 Ne7 6. exd5 exd5 7. Qe2 Bg4 8. O-O
Qd6 9. h3 Bxf3 10. Bxc6+ Qxc6 11. Rxf3 O-O-O 12. Nb5 Qb6 13. c4 Nf5 14. Qe5 Nh4
15. Rf2 dxc4 16. Na3 Qc6 17. Nxc4 Re8 18. Qh5 Re1+ 19. Kh2 Be7 20. b4 g6 21.
Qg4+ Nf5 22. Bb2 Rxa1 23. Bxa1 Bh4 24. Rf1 Bg3+ 25. Kg1 Rd8 26. Qe2 cxb4 27. Ne3
Kb8 28. Be5+ Ka8 29. Nxf5 gxf5 30. Rf3 Rg8 31. Qd3 Be1 32. Kh2 Qc1 33. Qd5 Qxd2
34. Rd3 Qc2 35. Bg7 Qc7 36. Be5 Qc6 37. Qd8+ Qc8 38. Qe7 b6 39. Re3 Qc6 40. Bg7
Bd2 41. Qxf7 Rd8 42. Rf3 Qd7 43. Qxd7 Rxd7 44. Be5 h5 45. Rb3 a5 46. g4 a4 47.
Rb2 Bc3 48. Re2 hxg4 49. hxg4 fxg4 50. Kg3 Rd2 51. Rxd2 Bxd2 52. f5 Bc3 53. Bxc3
bxc3 54. f6 c2 55. f7 c1=Q 56. f8=Q+ Kb7 57. Qf2 Qc4 58. Qg2+ Kc7 59. Qb2 b5 60.
Kh4 Kc6 61. Qf2 g3+ 62. Kxg3 b4 63. Qf6+ Kb7 64. Qf3+ Kc7 65. Qa8 b3 66. axb3
axb3 67. Qa5+ Kd6 68. Qb6+ Kd7 69. Qf6 Qd3+ 70. Kh4 Qe4+ 71. Kg3 Qe3+ 72. Kg2
Qd2+ 73. Kf1 b2 0-1

[Event "AUTO-MASTER-840"]
[Site "http://www.queenalice.com/game.php?id=726423"]
[Date "2010.2.5"]
[Round "2"]
[White "wyvern"]
[Black "philipp84lemke"]
[Result "1/2-1/2"]
[WhiteElo "2367"]
[BlackElo "2335"]

1. e4 e5 2. Nf3 Nc6 3. Bb5 a6 4. Ba4 Nf6 5. O-O Be7 6. Re1 b5 7. Bb3 O-O 8. c3
d5 9. exd5 Nxd5 10. Nxe5 Nxe5 11. Rxe5 c6 12. d4 Bd6 13. Re1 Qh4 14. g3 Qh3 15.
Re4 g5 16. Qf1 Qh5 17. Nd2 Bf5 18. f3 Nf6 19. Re1 Rae8 20. Rxe8 Rxe8 21. a4 Qg6
22. axb5 Bd3 23. Qd1 Be2 24. Qe1 Bxb5 25. Ne4 Nxe4 26. Bc2 Nf6 27. Qxe8+ Nxe8
28. Bxg6 hxg6 29. Bxg5 f6 30. Bd2 Bc4 31. Ra4 Bb5 32. Ra5 Bc4 33. Kf2 Kf7 34. h4
Nc7 35. g4 Kg7 36. h5 gxh5 37. gxh5 Bb3 1/2-1/2

[Event "AUTO-MASTER-840"]
[Site "http://www.queenalice.com/game.php?id=726424"]
[Date "2010.2.5"]
[Round "2"]
[White "philipp84lemke"]
[Black "wyvern"]
[Result "1/2-1/2"]
[WhiteElo "2334"]
[BlackElo "2368"]

1. e4 c5 2. Nf3 d6 3. d4 cxd4 4. Nxd4 Nf6 5. Nc3 g6 6. Be3 Bg7 7. f3 O-O 8. Qd2
Nc6 9. O-O-O d5 10. exd5 Nxd5 11. Nxc6 bxc6 12. Bd4 e5 13. Bc5 Be6 14. Ne4 Re8
15. Bc4 h6 16. g4 Nf4 17. Bxe6 Qxd2+ 18. Rxd2 Nxe6 19. Be3 Red8 20. Rhd1 Rxd2
21. Rxd2 Nd4 22. Rf2 f5 23. gxf5 Nxf5 24. Bc5 Bf8 25. c3 Nh4 26. Be3 Nf5 27. Re2
Nxe3 28. Rxe3 Kf7 29. Rd3 Ke6 30. Kd2 a5 31. b3 Be7 32. Ke3 Rf8 33. Rd1 1/2-1/2

[Event "AUTO-MASTER-840"]
[Site "http://www.queenalice.com/game.php?id=726425"]
[Date "2010.2.5"]
[Round "2"]
[White "wyvern"]
[Black "Penroyal"]
[Result "1-0"]
[WhiteElo "2335"]
[BlackElo "2103"]

1. e4 e6 2. d4 d5 3. Nc3 Bb4 4. e5 b6 5. Qg4 Bf8 6. Bg5 Qd7 7. Nf3 Nc6 8. a3 Bb7
9. Bd3 h6 10. Qh5 Nge7 11. b4 g6 12. Qh3 Bg7 13. Bf4 O-O-O 14. b5 Na5 15. O-O
Nc4 16. a4 g5 17. Bc1 f5 18. exf6 Bxf6 19. Re1 Nf5 20. Rxe6 1-0

[Event "AUTO-MASTER-840"]
[Site "http://www.queenalice.com/game.php?id=726426"]
[Date "2010.2.5"]
[Round "2"]
[White "Penroyal"]
[Black "wyvern"]
[Result "0-1"]
[WhiteElo "2093"]
[BlackElo "2340"]

1. d4 Nf6 2. c4 e6 3. g3 d5 4. Bg2 Be7 5. Nf3 O-O 6. O-O dxc4 7. Ne5 c5 8. dxc5
Qc7 9. Nxc4 Qxc5 10. b3 Rd8 11. Qc2 Nc6 12. Ba3 Nb4 13. Qb2 a5 14. Nc3 Rb8 15.
Rfd1 Bd7 16. Rac1 Bc6 17. Ne3 Bxg2 18. Kxg2 Rxd1 19. Ncxd1 Qh5 20. Bxb4 Bxb4 21.
Rc7 Bd6 22. Rc2 Bc5 23. Nc4 Qd5+ 0-1

[Event "AUTO-MASTER-840"]
[Site "http://www.queenalice.com/game.php?id=726427"]
[Date "2010.2.5"]
[Round "2"]
[White "wyvern"]
[Black "astrologo"]
[Result "1-0"]
[WhiteElo "2350"]
[BlackElo "2092"]

1. e4 e5 2. Nf3 Nc6 3. Bb5 a6 4. Ba4 Nf6 5. O-O b5 6. Bb3 Bc5 7. Nxe5 Nxe5 8. d4
Bxd4 9. Qxd4 d6 10. f4 Ng6 11. Bd5 Rb8 12. Bc6+ Bd7 13. Bxd7+ Qxd7 14. Nc3 O-O
15. f5 Ne5 16. Bg5 Ne8 17. f6 gxf6 18. Bh6 Ng7 19. Nd5 Kh8 20. Nxf6 Qe6 21. Qd2
Ng6 22. Bxg7+ Kxg7 23. Rf5 Rh8 24. Raf1 Rbf8 25. Nh5+ 1-0

[Event "AUTO-MASTER-840"]
[Site "http://www.queenalice.com/game.php?id=726428"]
[Date "2010.2.5"]
[Round "2"]
[White "astrologo"]
[Black "wyvern"]
[Result "0-1"]
[WhiteElo "2096"]
[BlackElo "2345"]

1. d4 Nf6 2. c4 g6 3. Nc3 Bg7 4. e4 d6 5. f3 O-O 6. Be3 e5 7. d5 c6 8. Qd2 a6 9.
Bd3 cxd5 10. Nxd5 Nxd5 11. cxd5 f5 12. exf5 Bxf5 13. Be4 Bxe4 14. fxe4 Qh4+ 15.
Ke2 Qxe4 16. Nf3 Nd7 17. Rhg1 Nf6 18. Ng5 Qg4+ 19. Ke1 Bh6 20. Ne6 Qe4 21. Ke2
Nxd5 22. Nxf8 Bxe3 0-1

[Event "AUTO-ELITE-449"]
[Site "http://www.queenalice.com/game.php?id=798915"]
[Date "2010.7.5"]
[Round "2"]
[White "wyvern"]
[Black "beckhamf2000"]
[Result "1-0"]
[WhiteElo "2409"]
[BlackElo "2199"]

1. e4 c5 2. Nf3 Nc6 3. Bb5 d6 4. O-O Bd7 5. Re1 Nf6 6. c3 e5 7. d4 a6 8. Bxc6
Bxc6 9. Nbd2 Be7 10. dxe5 dxe5 11. Nxe5 Qd6 12. Nec4 Qc7 13. e5 Nd5 14. Nd6+ Kd7
15. Qg4+ Kd8 16. Nxf7+ 1-0

[Event "AUTO-ELITE-449"]
[Site "http://www.queenalice.com/game.php?id=798916"]
[Date "2010.7.5"]
[Round "2"]
[White "beckhamf2000"]
[Black "wyvern"]
[Result "0-1"]
[WhiteElo "2205"]
[BlackElo "2405"]

1. e4 c5 2. Nf3 d6 3. d4 cxd4 4. Nxd4 Nf6 5. Nc3 g6 6. f4 Nc6 7. Nxc6 bxc6 8. e5
Nd7 9. exd6 exd6 10. Be3 d5 11. Be2 Bg7 12. O-O O-O 13. Na4 Re8 14. Qd2 Qe7 15.
Rf3 d4 0-1

[Event "helianthus"]
[Site "http://www.queenalice.com/game.php?id=803553"]
[Date "2010.7.14"]
[Round "3"]
[White "fosdunc"]
[Black "wyvern"]
[Result "1/2-1/2"]
[WhiteElo "2370"]
[BlackElo "2413"]

1. e4 c5 2. c3 Nf6 3. e5 Nd5 4. d4 cxd4 5. Nf3 Nc6 6. Bc4 Nb6 7. Bb3 g6 8. O-O
Bg7 9. cxd4 O-O 10. Nc3 d6 11. Be3 Bg4 12. exd6 Qxd6 13. h3 Bxf3 14. Qxf3 Qb4
15. Rac1 Nxd4 16. Bxd4 Bxd4 17. Qxb7 a5 18. Rfd1 Rfd8 19. Rc2 a4 20. Nd5 Nxd5
21. Bxd5 Rab8 22. Qxb4 Rxb4 23. Bf3 e5 24. Rdd2 Rdb8 25. Bc6 Kg7 26. g3 Bxb2 27.
Rd7 Bd4 28. Bd5 Rf8 29. Rcc7 h5 30. Rxf7+ 1/2-1/2

[Event "helianthus"]
[Site "http://www.queenalice.com/game.php?id=882302"]
[Date "2011.1.6"]
[Round "4"]
[White "wyvern"]
[Black "helianthus"]
[Result "1/2-1/2"]
[WhiteElo "2420"]
[BlackElo "2436"]

1. e4 c5 2. Nf3 d6 3. d4 Nf6 4. Nc3 cxd4 5. Nxd4 a6 6. Bg5 e6 7. f4 Qc7 8. Bxf6
gxf6 9. Qd2 b5 10. Be2 Bb7 11. Bh5 Kd8 12. Bf3 Nd7 13. f5 b4 14. Nd1 e5 15. Ne2
h5 16. O-O a5 17. c3 Bh6 18. Qe1 Qb6+ 19. Kh1 Nc5 20. Nf2 Kc8 21. cxb4 axb4 22.
Nc1 h4 23. Ncd3 Ba6 24. Be2 h3 25. g3 Rd8 26. a3 bxa3 27. bxa3 Bb7 28. Nxc5 Qxc5
29. a4 d5 30. Bf3 dxe4 31. Nxe4 Qc4 32. Qc3 Qxc3 33. Nxc3 Rd4 34. a5 Bd2 35. Ne2
Bxf3+ 36. Rxf3 Re4 37. Ng1 Rxa5 38. Rxa5 Bxa5 39. Nxh3 Bb6 1/2-1/2

[Event "helianthus-2"]
[Site "http://www.queenalice.com/game.php?id=929993"]
[Date "2011.4.25"]
[Round "1"]
[White "wyvern"]
[Black "plonius"]
[Result "1/2-1/2"]
[WhiteElo "2420"]
[BlackElo "2655"]

1. e4 c5 2. Nf3 Nc6 3. d4 cxd4 4. Nxd4 Nf6 5. Nc3 e5 6. Ndb5 d6 7. Bg5 a6 8. Na3
Be7 9. Nc4 O-O 10. Bxf6 Bxf6 11. Qxd6 Be6 12. Qxd8 Raxd8 13. Ne3 Bg5 14. Ned5
Rd7 15. Bd3 Rfd8 16. f3 h5 17. Kf2 h4 18. g3 b5 19. f4 exf4 20. gxf4 Bh6 21. f5
b4 22. fxe6 fxe6 23. Rad1 bxc3 24. Nxc3 a5 25. Rhg1 Ne5 26. Ke2 Rd4 27. h3 Kf7
28. b3 Nxd3 29. Rxd3 Rxd3 30. cxd3 Rc8 31. Nb5 Rc2+ 32. Kf3 Rd2 33. d4 Rxa2 34.
Nd6+ Ke7 35. Nc4 a4 36. bxa4 Rxa4 37. Ne5 Ra3+ 38. Kg4 Re3 39. Kxh4 Rxe4+ 40.
Rg4 Re2 41. Kh5 Rf2 42. Kg6 Rf6+ 1/2-1/2

[Event "Let's Play Chess!"]
[Site "http://www.queenalice.com/game.php?id=1020654"]
[Date "2012.2.1"]
[Round "-"]
[White "HelderNanques"]
[Black "wyvern"]
[Result "0-1"]
[WhiteElo "2162"]
[BlackElo "2425"]

1. e4 c5 2. Nf3 d6 3. b3 Nf6 4. e5 dxe5 5. Nxe5 Qd4 6. Bb5+ Bd7 7. Nxd7 Nbxd7 8.
Nc3 a6 9. Bxd7+ Qxd7 10. O-O Qf5 11. Bb2 e6 12. d3 O-O-O 13. Qe2 h5 14. Rad1 h4
15. Ne4 Rh6 16. Nxf6 gxf6 17. Qe4 Qh5 18. Rde1 Rg6 19. Kh1 Bg7 20. Qe2 Qd5 21.
f3 h3 22. g3 f5 23. Bxg7 Rxg7 24. Qe5 Qd4 25. Qxd4 cxd4 26. f4 Rd6 27. Re2 f6
28. Kg1 Rc7 29. Rff2 b5 30. Kf1 b4 31. Ke1 Rc5 32. Kd1 Ra5 33. Kc1 Rxa2 34. Kb1
Ra3 35. Re1 Kd7 36. Rfe2 a5 37. Kb2 a4 38. bxa4 Rxa4 39. Ra1 Rxa1 40. Kxa1 Rc6
41. Kb2 Rc3 42. Rd2 Kd6 43. Rd1 e5 44. Ra1 e4 45. dxe4 fxe4 46. Ra6+ Kd5 47.
Ra5+ Kc4 0-1

[Event "Let's Play Chess!"]
[Site "http://www.queenalice.com/game.php?id=1023719"]
[Date "2012.2.1"]
[Round "-"]
[White "artkrup"]
[Black "wyvern"]
[Result "0-1"]
[WhiteElo "1755"]
[BlackElo "2428"]

1. e4 c5 2. Bc4 e6 3. Nf3 Nc6 4. Nc3 Nf6 5. h3 Nxe4 6. Nxe4 d5 7. Bxd5 exd5 8.
Ng3 Bd6 9. d4 Bxg3 10. Qe2+ Qe7 11. Qxe7+ Kxe7 12. fxg3 cxd4 13. O-O Bf5 14. Rf2
Be4 15. Ng5 f6 16. Nxe4 dxe4 17. Bf4 e3 18. Re2 g5 19. Bc7 Rac8 20. Bf4 gxf4 21.
gxf4 Ke6 22. c3 Kf5 23. g3 Rhe8 24. Rf1 d3 25. Rg2 e2 26. g4+ Kg6 27. f5+ Kg5
0-1